000 00842cab a2200265 4500
001 ABS56508
008 090401t1997 xxu||||| |||| 00| 0 eng d
035 _a(Sirsi) u24158
041 _aeng
100 _aLyall, D
245 _aWhatever happened to the golf boom?
260 _c1997
350 _a0
490 _aCSM (Chartered Surveyor Monthly)
_v6(4) January 1997, 19(1)
520 _aDiscusses the effects of the fall in new construction of golf courses by 45 per cent between 1994 and 1995. Highlighting the need for in-depth appraisal and business skill rather than a `design-led` approach.
650 _aFEASIBILITY
650 _aGOLF COURSES
650 _aGOLF
650 _aLAND PRICES
650 _aMARKET CONDITIONS
650 _aSPORT
690 _aLEISURE AND RECREATION
942 _n0
948 _c04/03/1997
999 _c16184
_d16184